000 00670nam a2200241 i 4500
001 C2-0288147
003 PPAK
005 20180728021316.0
008 080417s1997 my a|||| ||||| | may d
040 _aPPAK
_beng
_cPPAK
_erda
082 0 4 _a899.231
_223
090 0 0 _a899.231
_bPUI
_dKIH
090 0 0 _a899.231
_bPUI
_dKSS
090 0 0 _a899.231
_bPUI
_dKZZ
245 0 0 _aPuisi panjang untuk Mahathir
264 1 _aKuala Lumpur :
_bAphabill (M) Sdn Bhd ,
_c1997
300 _a112 pages :
_bcolour illustrations ;
_c26 cm
336 _2rdacontent
_atext
337 _2rdamedia
_aunmediated
338 _2rdacarrier
_avolume
650 1 0 _aMalay poetry.
942 _ddc
_cB
999 _c93782
_d93782